[Event "POL-chT3"]
[Site "Jastrzebia Gora POL"]
[Date "2015.??.??"]
[Round "1.1"]
[White "Banasik, Krzysztof"]
[Black "Kantans, Toms"]
[Result "1/2-1/2"]
[WhiteElo "2220"]
[BlackElo "2502"]
[EventDate "2015.??.??"]
[WhiteTitle "k"]
[BlackTitle "IM"]

1.e4 c5 2.Nf3 Nf6 3.d3 Nc6 4.g3 d5 5.Nbd2 Bg4 6.Bg2 e5 7.h3 Bxf3 8.Qxf3 d4
9.O-O Be7 10.Qe2 O-O 11.f4 exf4 12.gxf4 Ne8 13.a4 f5 14.Nc4 Nc7 15.Bd2 Qd7
16.exf5 Rxf5 17.Be4 Rf6 18.Qg4 Rd8 19.Qxd7 Rxd7 20.Ne5 Rd8 21.Nxc6 bxc6 
22.Ba5 Bd6 23.Bxc6 Rdf8 24.Be4 g6 25.Rae1 Kg7 26.Bd2 Bxf4 27.Bxf4 Rxf4 28.
Rxf4 Rxf4 29.c3 dxc3 30.bxc3 Rf6 31.Bg2 Re6 32.Rb1 Rb6 33.Re1 Kf6 34.Rf1+ 
Ke7 35.Re1+ Re6 36.Rb1 Ra6 37.Rb8 Rxa4 38.Rh8 Ne6 39.Rxh7+ Kf6 40.Bd5 Nf4 
41.Bc4 Ra3 42.Kh2 Rxc3 43.Rxa7 Nxd3 44.Ra6+ Kf5 45.Bxd3+ Rxd3 46.Rc6 Rd5 
47.Kg3 g5 48.Kf3 Rd3+ 49.Ke2 Rc3 50.Kd2 Rxh3 51.Rxc5+ Kf4 52.Ke2 g4 53.Kf2
Rh2+ 54.Kg1 Re2 55.Rc3 Re3 56.Rxe3 Kxe3 57.Kg2 Kf4 58.Kf2 Ke5 1/2-1/2

[Event "POL-chT3"]
[Site "Jastrzebia Gora POL"]
[Date "2015.??.??"]
[Round "1.2"]
[White "Kolosowski, Mateusz"]
[Black "Tustanowski, Robert"]
[Result "1-0"]
[WhiteElo "2425"]
[BlackElo "2226"]
[EventDate "2015.??.??"]
[WhiteTitle "IM"]
[BlackTitle "m"]

1.d4 Nf6 2.c4 e6 3.Nc3 Bb4 4.e3 Bxc3+ 5.bxc3 d6 6.Bd3 Qe7 7.f4 e5 8.fxe5 
dxe5 9.Ne2 c5 10.O-O O-O 11.Ng3 Nc6 12.Kh1 h6 13.Bf5 exd4 14.exd4 cxd4 15.
cxd4 Rd8 16.d5 b5 17.Bb2 bxc4 18.Bxf6 1-0

[Event "POL-chT3"]
[Site "Jastrzebia Gora POL"]
[Date "2015.??.??"]
[Round "1.3"]
[White "Szczesniak, Konrad"]
[Black "Cukrowski, Filip"]
[Result "1/2-1/2"]
[WhiteElo "2156"]
[BlackElo "2318"]
[EventDate "2015.??.??"]
[WhiteTitle "k"]
[BlackTitle "m"]

1.d4 Nf6 2.Nf3 e6 3.Bg5 h6 4.Bxf6 Qxf6 5.e4 b6 6.Nbd2 Bb7 7.Bd3 g6 8.c3 
Bg7 9.Qe2 Qe7 10.O-O-O d6 11.Kb1 Nd7 12.Bb5 c6 13.Bd3 O-O 14.e5 dxe5 15.
Nxe5 c5 16.f4 cxd4 17.cxd4 Nf6 18.Rhe1 Rfd8 19.Ndf3 Rac8 20.g3 Bd5 21.g4 
Bxf3 22.Qxf3 Rxd4 23.Nc6 Rxc6 24.Qxc6 Nxg4 25.Re4 Rd6 26.Qc8+ Rd8 27.Qc2 
Qc5 28.Qxc5 bxc5 29.Be2 Rxd1+ 30.Bxd1 Nf2 31.Re1 Nd3 32.Re3 Nxb2 33.Be2 
Na4 34.Kc2 Nb6 35.Ra3 Nc8 36.Ba6 Nd6 37.Kd3 g5 38.fxg5 hxg5 39.Bc4 Nc8 40.
Ba6 Nd6 41.Bc4 e5 42.Bd5 e4+ 43.Kc2 c4 44.Rxa7 Be5 45.h3 e3 46.Rd7 Bg3 47.
Rxd6 Bxd6 48.Bxc4 Kg7 49.Kd3 Bc5 50.Ke4 Kg6 51.Be2 f5+ 52.Ke5 Bb4 53.Bd3 
Bc3+ 54.Ke6 Kh5 55.Kxf5 Kh4 56.a4 Bd2 57.Be2 Kg3 58.a5 Bxa5 59.Kxg5 Bd2 
60.Kf5 Kxh3 1/2-1/2

[Event "POL-chT3"]
[Site "Jastrzebia Gora POL"]
[Date "2015.??.??"]
[Round "1.4"]
[White "Goluch, Piotr"]
[Black "Siekaniec, Jan"]
[Result "1-0"]
[WhiteElo "2270"]
[BlackElo "2096"]
[EventDate "2015.??.??"]
[WhiteTitle "k++"]
[BlackTitle "k"]

1.Nf3 Nf6 2.g3 g6 3.Bg2 Bg7 4.O-O O-O 5.c4 d6 6.d4 Nbd7 7.Nc3 e5 8.Qc2 Re8
9.Rd1 c6 10.b4 Qe7 11.b5 exd4 12.Nxd4 c5 13.Nb3 Ne5 14.Bg5 Be6 15.Nd5 Bxd5
16.Bxd5 h6 17.Bxf6 Bxf6 18.f4 Nd7 19.Qxg6+ Kf8 20.Qxh6+ Bg7 21.Qh3 Qe3+ 
22.Kh1 Nf6 23.Rac1 Ke7 24.Rd3 Qxe2 25.Rd2 Qe3 26.Qg2 Kf8 27.Bxb7 Rab8 28.
Bf3 Rbd8 29.Qf2 Qxf2 30.Rxf2 Ne4 31.Rfc2 f5 32.Kg2 a6 33.a4 axb5 34.cxb5 
Rb8 35.Rd1 Rb6 36.Rd5 Nc3 37.Rxf5+ Ke7 38.Bc6 Rc8 39.Na5 Bd4 40.Bf3 Rg8 
41.Nc4 Rbb8 42.Bd5 Rbf8 43.Rxf8 Rxf8 44.Rxc3 Bxc3 45.a5 Rb8 46.a6 1-0

[Event "POL-chT3"]
[Site "Jastrzebia Gora POL"]
[Date "2015.??.??"]
[Round "1.5"]
[White "Tustanowski, Mateusz"]
[Black "Szczepaniak, Lukasz"]
[Result "0-1"]
[WhiteElo "1922"]
[BlackElo "2127"]
[EventDate "2015.??.??"]
[WhiteTitle "I"]
[BlackTitle "k"]

1.e4 e5 2.Nf3 Nc6 3.Bc4 Bc5 4.d3 Nf6 5.Nc3 d6 6.Na4 Bb6 7.Nxb6 axb6 8.c3 
Be6 9.Bxe6 fxe6 10.O-O O-O 11.d4 Nxe4 12.d5 Ne7 13.dxe6 Qc8 14.Ng5 Nf6 15.
Qb3 h6 16.Nf7 Re8 17.f4 exf4 18.Bxf4 Ned5 19.Bxh6 Qxe6 20.Ng5 Qe3+ 21.Kh1 
gxh6 22.Rxf6 Qxg5 23.Rf3 Kh8 24.c4 Re3 25.Qd1 Nf6 0-1

[Event "POL-chT3"]
[Site "Jastrzebia Gora POL"]
[Date "2015.??.??"]
[Round "1.6"]
[White "Kulon, Klaudia"]
[Black "Kubicka, Anna"]
[Result "1-0"]
[WhiteElo "2250"]
[BlackElo "2171"]
[EventDate "2015.??.??"]
[WhiteTitle "WGM"]
[BlackTitle "m"]

1.c4 Nf6 2.g3 g6 3.Bg2 Bg7 4.Nc3 d6 5.e3 e5 6.d3 c6 7.Nge2 Nbd7 8.b4 O-O 
9.O-O Ne8 10.b5 cxb5 11.Nxb5 e4 12.d4 f5 13.Ba3 Nb6 14.Qb3 Be6 15.d5 Bf7 
16.Rab1 Be5 17.Ned4 Nc7 18.Rfc1 Nxb5 19.Nxb5 Qf6 20.Bb4 Rfc8 21.Bf1 a6 22.
Nc3 Nd7 23.Na4 b6 24.Bc3 Rab8 25.Bxe5 Qxe5 26.Qa3 Qe7 27.Nc3 Nc5 28.Ne2 
Nd3 29.Rc3 b5 30.cxb5 axb5 31.Rxb5 Kg7 32.Rxc8 Rxc8 33.Nd4 Rc1 34.Ne2 Rc2 
35.Qb3 Rb2 36.Qc3+ Qf6 37.Rxb2 Qxc3 38.Nxc3 Nxb2 39.a4 Nd3 40.a5 Nb4 41.
Bc4 1-0

[Event "POL-chT3"]
[Site "Jastrzebia Gora POL"]
[Date "2015.??.??"]
[Round "1.7"]
[White "Sopur, Lech"]
[Black "Snihur, Piotr"]
[Result "0-1"]
[WhiteElo "2419"]
[BlackElo "2246"]
[EventDate "2015.??.??"]
[WhiteTitle "m"]
[BlackTitle "k"]

1.Nf3 Nf6 2.c4 e6 3.e3 b6 4.d4 Bb7 5.Bd3 d5 6.Nc3 Nbd7 7.cxd5 exd5 8.O-O 
Be7 9.Qe2 O-O 10.Rd1 Re8 11.Ne5 Nxe5 12.dxe5 Nd7 13.f4 Bc5 14.Bf5 Nf8 15.
Na4 Be7 16.b3 c6 17.Bb2 b5 18.Nc3 Qb6 19.Kh1 Rad8 20.Qf3 b4 21.Ne2 c5 22.
Ng3 g6 23.Bc2 f5 24.Ne2 Ne6 25.Qh3 Qa6 26.Ng3 Ng7 27.Rd2 Bc6 28.Qh6 Bf8 
29.Qh4 Be7 30.Qh3 Bf8 31.Bd1 Ne6 32.Bc2 d4 33.Bd3 Bb5 34.Bxb5 Qxb5 35.e4 
Nxf4 36.Qh4 Nd3 37.exf5 Nxe5 38.Ne4 Bg7 39.f6 Bh8 40.Ng5 h5 41.Rf2 Nf7 42.
Nxf7 Kxf7 43.Qf4 Re6 44.Raf1 Rdd6 45.h4 Qe8 46.Bc1 Bxf6 47.Qh6 Kg8 48.Bf4 
Rd5 49.Be5 Rdxe5 50.Rxf6 Rxf6 51.Rxf6 Re1+ 52.Kh2 Rh1+ 53.Kxh1 Qe1+ 54.Rf1
Qxf1+ 55.Kh2 Qf5 56.Qc1 d3 57.Qe3 Kf7 58.Kg1 Qd5 59.Qf4+ Ke6 60.Qe3+ Qe5 
61.Qh3+ Ke7 0-1

[Event "POL-chT3"]
[Site "Jastrzebia Gora POL"]
[Date "2015.??.??"]
[Round "1.8"]
[White "Szadkowski, Kamil"]
[Black "Sapis, Witalis"]
[Result "1/2-1/2"]
[WhiteElo "2216"]
[BlackElo "2396"]
[EventDate "2015.??.??"]
[WhiteTitle "k+"]
[BlackTitle "IM"]

1.e4 c6 2.d4 d5 3.exd5 cxd5 4.c4 Nf6 5.Nc3 g6 6.Qb3 Bg7 7.cxd5 O-O 8.Be2 
Nbd7 9.Bf3 Nb6 10.Nge2 Bg4 11.Bxg4 Nxg4 12.a4 a5 13.Bf4 Nf6 14.d6 exd6 15.
O-O Nh5 16.Be3 d5 17.Rfc1 Re8 18.Qb5 Qd6 19.Rab1 Bf8 20.b3 Rec8 21.Qd3 Rc6
22.Nb5 Qd7 23.Bd2 Nf6 24.Ng3 Nc8 25.Qf3 Bg7 26.Bf4 Ne7 27.Be5 Ne8 28.Ne2 
Rxc1+ 29.Rxc1 Nc6 30.Bxg7 Kxg7 31.Nf4 Nf6 32.Nd3 Re8 33.h3 Qe7 34.Re1 Qd8 
35.Ne5 Re6 36.Re3 Qe7 37.Qd1 Nxe5 38.dxe5 Rxe5 39.Qd4 Rxe3 40.fxe3 Qe4 41.
Qc3 b6 42.Nd4 Qe5 43.Qd3 h6 44.Nf3 Qe6 45.Nd4 Qe4 46.Qc3 Qe5 47.Qd3 Nd7 
48.Nf3 Qe6 49.Qd4+ Kh7 50.Qf4 g5 51.Qd4 Qe4 52.Qc3 Nc5 53.Kh2 Qe6 54.Qc2+ 
Kg8 55.Qc3 f6 56.Qc2 Qe4 57.Qc3 Kf7 58.Nd4 h5 59.Qe1 Kg6 60.Qc3 h4 61.Nf3 
Qd3 62.Qxd3+ Nxd3 63.Nd4 Nc5 64.g3 hxg3+ 65.Kxg3 Kh5 66.Kg2 g4 67.hxg4+ 
Kxg4 68.Kf2 f5 69.Ke2 f4 70.exf4 Kxf4 71.Kd2 Ke4 72.Kc3 Na6 73.Nb5 Ke3 74.
Nd4 Nb4 75.Nf5+ Ke4 76.Nd6+ Ke5 77.Nf7+ Ke6 78.Ng5+ Kd6 79.Nf7+ Kc5 80.Ne5
d4+ 81.Kd2 Nc6 82.Nd3+ Kd6 83.Nf2 Ne5 84.Ne4+ Kd5 85.Nf6+ Kc5 86.Kc2 b5 
87.axb5 Kxb5 88.Nd5 Kc5 89.Nf4 Kb4 90.Nd5+ Ka3 91.Nb6 Nc6 92.Nc4+ Ka2 93.
Kd3 1/2-1/2

[Event "POL-chT3"]
[Site "Jastrzebia Gora POL"]
[Date "2015.??.??"]
[Round "1.9"]
[White "Swic, Waldemar"]
[Black "Szadkowski, Krzysztof"]
[Result "1-0"]
[WhiteElo "2345"]
[BlackElo "2107"]
[EventDate "2015.??.??"]
[WhiteTitle "FM"]
[BlackTitle "k"]

1.e4 e5 2.Nf3 Nc6 3.Bb5 a6 4.Bxc6 dxc6 5.O-O Bg4 6.h3 Bxf3 7.Qxf3 Qf6 8.
Qxf6 Nxf6 9.d3 c5 10.Bg5 Nd7 11.Nd2 f6 12.Be3 g5 13.g3 O-O-O 14.Rae1 Rg8 
15.Kh2 b5 16.h4 gxh4 17.gxh4 Nb6 18.b3 Bd6 19.Rg1 Kd7 20.Rxg8 Rxg8 21.Rg1 
Rxg1 22.Kxg1 Ke6 23.c4 c6 24.h5 Na8 25.f3 Nc7 26.Nf1 Kf7 27.Ng3 Ne6 28.Nf5
Bf8 29.Kg2 Ng7 30.Ng3 Ne6 31.Kh3 Nd8 32.Nf5 Ne6 33.Kg4 Nd8 34.f4 Ke6 35.
fxe5 fxe5 36.Nh4 Be7 37.Nf3 Nf7 38.Bc1 Bd8 39.Bd2 Be7 40.Be3 b4 41.Ng1 Bf8
42.Nh3 Be7 43.Nf2 Bf8 44.Nd1 Nh6+ 45.Kh3 Ng8 46.Bg5 Be7 47.Kg4 Bxg5 48.
Kxg5 Nf6 49.Ne3 Ng8 50.Ng4 a5 51.h6 Ne7 52.Nf6 Ng6 53.Nxh7 Nf4 54.Nf6 Kf7 
55.Nh5 Ne6+ 56.Kf5 Nd4+ 57.Kxe5 Kg6 58.Ng3 Kh7 59.Kd6 Nxb3 60.axb3 a4 61.
bxa4 b3 62.Ne2 1-0

[Event "POL-chT3"]
[Site "Jastrzebia Gora POL"]
[Date "2015.??.??"]
[Round "1.10"]
[White "Kwiatkowski, Wiktor"]
[Black "Gradowski, Jacek"]
[Result "1-0"]
[WhiteElo "1941"]
[BlackElo "2137"]
[EventDate "2015.??.??"]
[WhiteTitle "I"]
[BlackTitle "I+"]

1.e4 e5 2.Nf3 Nc6 3.Bb5 a6 4.Ba4 Nf6 5.d4 exd4 6.O-O Be7 7.Re1 b5 8.e5 Nd5
9.c4 dxc3 10.Qxd5 cxb2 11.Bb3 O-O 12.Bxb2 Rb8 13.Qe4 Bb7 14.Qg4 g6 15.Nc3 
Na5 16.Rad1 Nxb3 17.axb3 d6 18.Ne4 Bxe4 19.Qxe4 f6 20.Qd5+ Kh8 21.Nd4 dxe5
22.Nc6 Qxd5 23.Rxd5 Rbe8 24.Nxe7 Rxe7 25.Ba3 Rff7 26.Bxe7 Rxe7 27.Red1 Kg7
28.Rd7 Kf7 29.Kf1 a5 30.Ke2 c5 31.Rxe7+ Kxe7 32.Rd5 1-0

[Event "POL-chT3"]
[Site "Jastrzebia Gora POL"]
[Date "2015.??.??"]
[Round "1.11"]
[White "Flis, Pawel"]
[Black "Matlewski, Adam"]
[Result "1-0"]
[WhiteElo "2017"]
[BlackElo "1802"]
[EventDate "2015.??.??"]
[WhiteTitle "k"]
[BlackTitle "I"]

1.e4 c6 2.d4 d5 3.Nc3 dxe4 4.Nxe4 Bf5 5.Ng3 Bg6 6.h4 h6 7.Nf3 Nd7 8.h5 Bh7
9.Bd3 Bxd3 10.Qxd3 e6 11.Bd2 Ngf6 12.O-O-O Be7 13.Qe2 O-O 14.Ne5 c5 15.
dxc5 Qc7 16.Nxd7 Nxd7 17.Ne4 Nxc5 18.Nxc5 Qxc5 19.Kb1 Bf6 20.g4 Rac8 21.
Bc1 Rc6 22.f4 Rb6 23.Rh3 Rc8 24.Rb3 Rbc6 25.Rxb7 Qxc2+ 26.Qxc2 Rxc2 27.g5 
hxg5 28.fxg5 Bd4 29.g6 fxg6 30.hxg6 e5 31.Bd2 R2c6 32.Rc1 Rxc1+ 33.Bxc1 
Bc5 34.b4 Bf8 35.Be3 Rc6 36.b5 Rxg6 37.Bxa7 e4 38.Rb8 Kf7 39.Bd4 Bd6 40.
Rb7+ Be7 41.Bc5 Re6 42.b6 e3 43.Rxe7+ Rxe7 44.Bxe7 Kxe7 45.Kc2 Kd6 46.a4 
1-0

[Event "POL-chT3"]
[Site "Jastrzebia Gora POL"]
[Date "2015.??.??"]
[Round "1.12"]
[White "Miturova, Magdalena"]
[Black "Antolak, Julia"]
[Result "0-1"]
[WhiteElo "2173"]
[BlackElo "1945"]
[EventDate "2015.??.??"]
[WhiteTitle "WFM"]
[BlackTitle "k+"]

1.e4 c5 2.Nf3 e6 3.d4 cxd4 4.Nxd4 Nf6 5.Nc3 d6 6.g4 h6 7.h4 a6 8.Bg2 Nc6 
9.g5 hxg5 10.hxg5 Rxh1+ 11.Bxh1 Nd7 12.Be3 Nde5 13.Nxc6 bxc6 14.f4 Nc4 15.
Qe2 Nxe3 16.Qxe3 Rb8 17.O-O-O Qb6 18.Qxb6 Rxb6 19.a3 Be7 20.Na4 Rb8 21.Rg1
g6 22.c4 e5 23.f5 gxf5 24.exf5 Bxf5 25.Bxc6+ Bd7 26.Bxd7+ Kxd7 27.b4 Rg8 
28.b5 axb5 29.cxb5 Rxg5 30.Nb6+ Ke6 31.Rd1 e4 32.a4 Rc5+ 33.Kb2 Bd8 34.Na8
Rc8 0-1

[Event "POL-chT3"]
[Site "Jastrzebia Gora POL"]
[Date "2015.??.??"]
[Round "1.13"]
[White "Andrejczuk, Beata"]
[Black "Krysztofiak, Marcin"]
[Result "0-1"]
[WhiteElo "2136"]
[BlackElo "2392"]
[EventDate "2015.??.??"]
[WhiteTitle "WFM"]
[BlackTitle "IM"]

1.e4 c6 2.Nc3 d5 3.f4 dxe4 4.Nxe4 Nf6 5.Nxf6+ exf6 6.d4 Bd6 7.Bd3 O-O 8.
Ne2 f5 9.O-O g6 10.b3 Nd7 11.Bb2 Nf6 12.Rf3 Re8 13.c4 Bf8 14.Qc2 Bg7 15.
Rd1 Bd7 16.Ng3 b5 17.Nf1 bxc4 18.bxc4 Rb8 19.Re3 Rxe3 20.Nxe3 c5 21.dxc5 
Ng4 22.Nxg4 Rxb2 23.Nh6+ Kf8 24.Qc1 Ba4 25.Bc2 Bd4+ 26.Kh1 Rxc2 27.Qa3 Bc6
0-1

[Event "POL-chT3"]
[Site "Jastrzebia Gora POL"]
[Date "2015.??.??"]
[Round "1.14"]
[White "Grabarczyk, Miroslaw"]
[Black "Pazderski, Ziemowit"]
[Result "1-0"]
[WhiteElo "2442"]
[BlackElo "2249"]
[EventDate "2015.??.??"]
[WhiteTitle "GM"]
[BlackTitle "k+"]

1.d4 d5 2.c4 c6 3.Nf3 Nf6 4.e3 Bg4 5.h3 Bxf3 6.Qxf3 e6 7.Nc3 Nbd7 8.Bd3 
Bd6 9.O-O O-O 10.Rd1 Qe7 11.Bd2 Rfe8 12.Qe2 e5 13.cxd5 cxd5 14.Bb5 a6 15.
Bxd7 Qxd7 16.dxe5 Rxe5 17.Qd3 Rg5 18.Kf1 Rf5 19.Be1 Rd8 20.Rac1 h6 21.Rc2 
Re5 22.a3 Qe7 23.Ne2 Ne4 24.Nf4 Bc5 25.Qb3 d4 26.Ng6 Qe6 27.Qxe6 Rxe6 28.
Nf4 Rc6 29.f3 Nf6 30.Rcd2 Rcd6 31.e4 Nd7 32.Rc2 Bb6 33.Nd5 f6 34.Bb4 Re6 
35.Nxb6 Nxb6 36.b3 f5 37.exf5 Re3 38.Rcd2 Rxb3 39.Rxd4 Rxd4 40.Rxd4 Kf7 
41.Rd8 g5 42.fxg6+ Kg7 43.h4 h5 44.Rd4 Nc8 45.Rc4 Nb6 46.Rc5 Kxg6 47.Rg5+ 
Kf6 48.Rxh5 Nc4 49.Rh6+ Ke5 50.Kf2 Ne3 51.g4 Nd5 52.Bd6+ Kd4 53.Re6 Rb2+ 
54.Kg3 Ra2 55.h5 Ne3 56.Bc5+ Kd5 1-0

[Event "POL-chT3"]
[Site "Jastrzebia Gora POL"]
[Date "2015.??.??"]
[Round "1.15"]
[White "Maciaga, Marcin"]
[Black "Borgula, Rafal"]
[Result "1/2-1/2"]
[WhiteElo "2101"]
[BlackElo "2267"]
[EventDate "2015.??.??"]
[WhiteTitle "k+"]
[BlackTitle "FM"]

1.Nf3 Nf6 2.c4 e6 3.d4 d5 4.g3 c5 5.Bg2 Nc6 6.O-O Be7 7.dxc5 Bxc5 8.a3 
dxc4 9.Qa4 O-O 10.Qxc4 Qd5 11.Nbd2 Rd8 12.b4 Bd4 13.Ra2 Bb6 14.Bb2 e5 15.
Qxd5 Nxd5 16.b5 Nd4 17.Bxd4 exd4 18.Nc4 Bc5 19.Rd2 Nc3 20.Nfe5 Nxb5 21.Rb1
Nd6 22.Bd5 Bf5 23.Rb3 Ne4 24.Bxf7+ Kf8 25.Rdb2 Bc8 26.Bh5 b6 27.Nc6 Rd7 
28.N4e5 Rd6 29.Bf3 Ng5 30.Bg2 Be6 31.Rd3 Bf5 32.Rd1 Bxa3 33.Ra2 Bc5 34.h4 
Ne4 35.Rxa7 Rxa7 36.Nxa7 d3 37.e3 d2 38.Nc4 Rd7 39.Nb5 Be6 40.Ne5 Rd5 41.
Nc6 Bg4 42.Bxe4 Bxd1 43.Bxd5 Bc2 44.Nc3 d1=Q+ 45.Nxd1 Bxd1 46.Kf1 h6 47.
Ke1 Ba4 48.Ne5 Ke7 49.Nd3 Bd6 50.Kd2 Bb5 51.Kc3 Bxd3 52.Kxd3 g5 53.h5 Kf6 
54.Ke4 Bb4 55.f4 gxf4 56.gxf4 Bc5 57.Bc4 b5 58.Bxb5 Bb6 59.Bc4 Bc5 60.Bg8 
Bb6 61.Bh7 Bc5 62.Bg6 Bb6 63.Kf3 Bc5 64.e4 Bd6 65.e5+ 1/2-1/2

[Event "POL-chT3"]
[Site "Jastrzebia Gora POL"]
[Date "2015.??.??"]
[Round "1.16"]
[White "Robak, Zbigniew"]
[Black "Szustakowski, Antoni"]
[Result "1-0"]
[WhiteElo "2192"]
[BlackElo "2030"]
[EventDate "2015.??.??"]
[WhiteTitle "m"]
[BlackTitle "I"]

1.e4 e6 2.Nf3 d5 3.Nc3 Nf6 4.e5 Nfd7 5.d4 c5 6.dxc5 Nc6 7.Bf4 Bxc5 8.Bd3 
f6 9.exf6 Nxf6 10.O-O O-O 11.Ne5 Bd7 12.Bg3 Nxe5 13.Bxe5 Bc6 14.Qe2 Qe7 
15.Rae1 Rae8 16.Kh1 Nd7 17.Qh5 Rf5 18.Bxf5 exf5 19.f4 g6 20.Qd1 Qf7 21.Bd4
Rxe1 22.Rxe1 b6 23.a3 Bd6 24.Be5 Bxe5 25.fxe5 Qe6 26.Ne2 Qxe5 27.Nd4 Qc7 
28.Re8+ Kf7 29.Qe1 1-0

[Event "POL-chT3"]
[Site "Jastrzebia Gora POL"]
[Date "2015.??.??"]
[Round "1.17"]
[White "Krasiewicz, Robert"]
[Black "Konieczynski, Piotr"]
[Result "1-0"]
[WhiteElo "2027"]
[BlackElo "1975"]
[EventDate "2015.??.??"]
[WhiteTitle "k+"]
[BlackTitle "I++"]

1.c4 c6 2.g3 d5 3.Bg2 Nf6 4.Nf3 Bf5 5.cxd5 cxd5 6.Qb3 Qb6 7.Qxb6 axb6 8.
Nc3 e6 9.Nd4 Bg6 10.Ndb5 Kd7 11.d3 Nc6 12.Bd2 Be7 13.f4 Rhc8 14.Rc1 Ne8 
15.a3 Nd6 16.Nxd6 Bxd6 17.Nb5 Be7 18.e4 Na5 19.exd5 Bxd3 20.dxe6+ fxe6 21.
Nd4 Rxc1+ 22.Bxc1 Bf6 23.Be3 Nc4 24.Kf2 Nxb2 25.Bxb7 Rxa3 26.Rc1 Nc4 27.
Bc6+ Ke7 28.Nb5 Ra2+ 29.Kf3 Bb2 30.Rd1 Nxe3 31.Rxd3 Nd5 32.Bxd5 exd5 33.
Rd2 Kd7 34.Rc2 Kd8 35.Kg4 Kd7 36.Kf5 g6+ 37.Kg4 d4 38.Nxd4 Ra4 39.Rxb2 
Rxd4 40.Rxb6 Kc7 41.Ra6 Kb7 42.Re6 Rd7 43.Kg5 Rf7 44.Kh6 Kc7 45.Re8 1-0

[Event "POL-chT3"]
[Site "Jastrzebia Gora POL"]
[Date "2015.??.??"]
[Round "1.18"]
[White "Weglarz, Joanna"]
[Black "Sliwicka, Alicja"]
[Result "1/2-1/2"]
[WhiteElo "2004"]
[BlackElo "2003"]
[EventDate "2015.??.??"]
[WhiteTitle "k"]
[BlackTitle "WFM"]

1.Nf3 d5 2.d4 Nf6 3.Bf4 e6 4.e3 c5 5.Nc3 a6 6.dxc5 Bxc5 7.Bd3 Nc6 8.h3 Qe7
9.Ne5 Nd7 10.Nxd7 Qxd7 11.Qh5 g6 12.Qf3 b5 13.Bg5 f5 14.g4 b4 15.Nb1 Bb7 
16.gxf5 exf5 17.Nd2 d4 18.e4 h6 19.Bf4 O-O-O 20.Rg1 g5 21.Bh2 f4 22.Qg4 
Qxg4 23.hxg4 Ne5 24.f3 a5 25.Ke2 h5 26.gxh5 Rxh5 27.Rg2 Rdh8 28.Bg1 a4 29.
Rc1 Kd7 30.Nc4 Nxc4 31.Bxc4 Kd6 32.Rd1 Ke5 33.Bf7 Ba6+ 34.Ke1 Rh1 35.Kd2 
Kf6 36.Bd5 R8h3 37.e5+ Kxe5 38.Rxg5+ Kf6 39.Rg4 Ke5 40.Be4 Rg3 41.Rg6 Rxg6
42.Bxg6 Rh3 43.Be4 Rg3 44.Kc1 a3 45.bxa3 bxa3 46.c3 Ke6 47.cxd4 Bd6 48.Bf2
Rg2 49.Rd2 Rg8 50.d5+ Kf7 51.Bd4 Rc8+ 52.Kd1 Bb5 53.Bf5 1/2-1/2

[Event "POL-chT3"]
[Site "Jastrzebia Gora POL"]
[Date "2015.??.??"]
[Round "1.19"]
[White "Sivuk, Vitaly"]
[Black "Marszalek, Maciej"]
[Result "1/2-1/2"]
[WhiteElo "2479"]
[BlackElo "2330"]
[EventDate "2015.??.??"]
[WhiteTitle "GM"]
[BlackTitle "m"]

1.e4 c5 2.Nf3 e6 3.d4 cxd4 4.Nxd4 a6 5.c4 Qc7 6.Nc3 b6 7.Be2 Bb7 8.O-O Nf6
9.Qd3 Nc6 10.Nxc6 dxc6 11.f4 b5 12.e5 bxc4 13.Qg3 Nd7 14.Bxc4 g6 15.Ne4 c5
16.Ng5 Nb6 17.Bd3 Be7 18.Be3 Rd8 19.Rfd1 Nd5 20.Bf2 Nb4 21.Bc4 Rxd1+ 22.
Rxd1 Qc6 23.f5 Nd5 24.h4 gxf5 25.Bxd5 exd5 26.Nxh7 d4 27.Nf6+ Kf8 28.b4 f4
29.Qg5 cxb4 30.Rxd4 Bc8 31.Qxf4 Be6 32.Rxb4 Bxb4 33.Qxb4+ Kg7 34.Qd2 Qb5 
35.Qg5+ Kf8 36.h5 Qb1+ 37.Kh2 Qg6 38.Qh4 Qc2 39.Be3 Qf5 40.Bd4 Kg7 41.a3 
Rh6 42.Qg3+ Qg6 43.Qh4 Qf5 44.Bc3 Qd3 45.Ne4 Rxh5 46.Qxh5 Qxe4 1/2-1/2

[Event "POL-chT3"]
[Site "Jastrzebia Gora POL"]
[Date "2015.??.??"]
[Round "1.20"]
[White "Weissbein, Thomas"]
[Black "Kowalczyk, Pawel"]
[Result "0-1"]
[WhiteElo "2260"]
[BlackElo "2352"]
[EventDate "2015.??.??"]
[WhiteTitle "k+"]
[BlackTitle "I++"]

1.e4 c5 2.c3 Nc6 3.d4 cxd4 4.cxd4 d5 5.exd5 Qxd5 6.Nf3 Bg4 7.Nc3 Bxf3 8.
gxf3 Qxd4 9.Qxd4 Nxd4 10.Nb5 Ne6 11.f4 g6 12.Bg2 Bg7 13.Bxb7 Rb8 14.Bc6+ 
Kf8 15.O-O a6 16.Nc3 Nd4 17.Ba4 h5 18.Rd1 Nh6 19.Kf1 Nhf5 20.Ne2 Nf3 21.
Kg2 N3h4+ 22.Kh3 Bf6 23.Ng3 Kg7 24.Ne4 Bxb2 25.Rb1 Bxc1 26.Rdxc1 Rxb1 27.
Rxb1 Rd8 28.Rd1 Rc8 29.Bb3 f6 30.Rd3 Rb8 31.Nc5 g5 32.f3 Nxf3 33.fxg5 fxg5
34.Nxa6 Ne1 35.Bd1 Nxd3 36.Nxb8 Nf4# 0-1

[Event "POL-chT3"]
[Site "Jastrzebia Gora POL"]
[Date "2015.??.??"]
[Round "1.21"]
[White "Jagodzinski, Piotr"]
[Black "Widla, Piotr"]
[Result "1-0"]
[WhiteElo "2246"]
[BlackElo "2009"]
[EventDate "2015.??.??"]
[WhiteTitle "k++"]
[BlackTitle "I++"]

1.e4 c5 2.Nf3 d6 3.c3 Nf6 4.Be2 g6 5.Qc2 Bg7 6.d4 cxd4 7.cxd4 O-O 8.h3 Nc6
9.Nc3 Bd7 10.O-O Rc8 11.Be3 Qa5 12.Qb3 Nd8 13.Rfc1 a6 14.Bd2 Ne6 15.e5 
dxe5 16.dxe5 Nh5 17.Nd5 Qd8 18.Qa3 Rxc1+ 19.Rxc1 Re8 20.Ba5 Qb8 21.Rd1 Bf8
22.Nc7 Nxc7 23.Rxd7 Ne6 24.Qb4 b5 25.g3 Qc8 26.Qd2 Qc6 27.Bc3 Nhg7 28.Qd5 
Rc8 29.Qxc6 Rxc6 30.Ra7 Nf5 31.a4 Rb6 32.Ba5 Rb8 33.Rxa6 bxa4 34.Bc3 Nc5 
35.Ra5 e6 36.g4 Ng7 37.Ra7 h6 38.Nd4 a3 39.Rxa3 Nd7 40.Ra5 Bb4 41.Rb5 Rxb5
42.Bxb5 Bxc3 43.bxc3 Nc5 44.f3 Kf8 45.Kf2 Ne8 46.Ke3 Nc7 47.Bc4 Ke7 48.
Nc6+ Kd7 49.Nb4 Ke7 50.Kd4 Nd7 51.f4 f6 52.Nd3 g5 53.exf6+ Kxf6 54.Ne5 Nb6
55.fxg5+ Kxg5 56.Bf1 h5 57.gxh5 Kxh5 58.Kc5 Nbd5 59.c4 Nf4 60.Kd6 Ncd5 61.
cxd5 exd5 62.Nf3 d4 63.Ke5 Ng6+ 64.Kf6 Nf4 65.Kf5 Ng6 66.Nxd4 Ne7+ 67.Kf4 
Ng6+ 68.Kg3 Ne5 69.Be2+ Kg5 70.Bg4 Ng6 71.Bd1 Ne5 72.Bc2 Nc4 73.Nf3+ Kh5 
74.Kf4 Nd6 75.Bd3 Nf7 76.Kf5 Nh6+ 77.Kf6 Ng8+ 78.Kg7 Nh6 1-0

[Event "POL-chT3"]
[Site "Jastrzebia Gora POL"]
[Date "2015.??.??"]
[Round "1.22"]
[White "Szewczyk, Grzegorz"]
[Black "Dobrowolski, Aleksander"]
[Result "0-1"]
[WhiteElo "1989"]
[BlackElo "2281"]
[EventDate "2015.??.??"]
[WhiteTitle "I++"]
[BlackTitle "m"]

1.d4 Nf6 2.c4 g6 3.Nc3 Bg7 4.e4 d6 5.Nf3 O-O 6.Be2 e5 7.O-O Nc6 8.d5 Ne7 
9.b4 Nh5 10.Re1 f5 11.Ng5 Nf6 12.Bf3 c6 13.b5 cxd5 14.cxd5 h6 15.Ne6 Bxe6 
16.dxe6 fxe4 17.Nxe4 Nxe4 18.Bxe4 d5 19.Ba3 dxe4 20.Qxd8 Rfxd8 21.Bxe7 Re8
22.Bc5 Rxe6 23.Be3 a6 24.b6 Bf6 25.Rec1 Bg5 26.Bxg5 hxg5 27.Rab1 Rd8 28.
Kf1 Rd2 29.Rc7 Rf6 30.Rxb7 Rfxf2+ 31.Kg1 Rxg2+ 32.Kh1 Rxh2+ 33.Kg1 Rdg2+ 
34.Kf1 Rxa2 35.Kg1 Rag2+ 36.Kf1 e3 0-1

[Event "POL-chT3"]
[Site "Jastrzebia Gora POL"]
[Date "2015.??.??"]
[Round "1.23"]
[White "Dowgird, Filip"]
[Black "Olesiak, Marcin"]
[Result "1-0"]
[WhiteElo "2208"]
[BlackElo "1971"]
[EventDate "2015.??.??"]
[WhiteTitle "k"]
[BlackTitle "I+"]

1.e4 c5 2.Nf3 d6 3.c3 Nf6 4.h3 g6 5.Bd3 Bg7 6.O-O O-O 7.Re1 e5 8.Bc2 Qe7 
9.d3 Nh5 10.Na3 Nf4 11.Bxf4 exf4 12.d4 Nc6 13.Qd2 cxd4 14.cxd4 g5 15.e5 
dxe5 16.d5 Rd8 17.Qd3 e4 18.Qf1 Bxb2 19.Nc4 Ne5 20.Nfxe5 Bxe5 21.Bxe4 f6 
22.Rad1 Qg7 23.Qd3 Bd7 24.d6 Rab8 25.Bxb7 Be6 26.Bd5 Qf7 27.Rxe5 fxe5 28.
Nxe5 Qf6 29.Ng4 Qg6 30.Qxg6+ hxg6 31.Bxe6+ Kg7 32.d7 a5 33.Bb3 Rb7 34.Ne5 
Kf6 35.Re1 Rb6 36.Ng4+ 1-0

[Event "POL-chT3"]
[Site "Jastrzebia Gora POL"]
[Date "2015.??.??"]
[Round "1.24"]
[White "Wesolowska, Hanna"]
[Black "Korosciel, Aneta"]
[Result "0-1"]
[WhiteElo "1994"]
[BlackElo "2036"]
[EventDate "2015.??.??"]
[WhiteTitle "WFM"]
[BlackTitle "m"]

1.d4 Nf6 2.Nf3 e6 3.Bg5 d5 4.c3 Nbd7 5.Nbd2 Be7 6.e3 Ne4 7.Bxe7 Qxe7 8.
Nxe4 dxe4 9.Nd2 f5 10.Bb5 c6 11.Ba4 O-O 12.O-O e5 13.Qe2 Nf6 14.Bb3+ Kh8 
15.dxe5 Qxe5 16.Nc4 Qc7 17.Rfd1 f4 18.Qd2 Bg4 19.Qd6 Qc8 20.Rd2 f3 21.Ne5 
Bh5 22.Be6 Qe8 23.g4 Bg6 24.Rad1 Ng8 25.Bd7 Qe7 26.Nxg6+ hxg6 27.Qxe7 Nxe7
28.Rd4 Nd5 29.Rxe4 Rad8 30.Be6 Nxc3 31.Bd7 Nd5 32.Red4 Rxd7 33.Rxd5 0-1

[Event "POL-chT3"]
[Site "Jastrzebia Gora POL"]
[Date "2015.??.??"]
[Round "1.25"]
[White "Steczek, Marcin"]
[Black "Gajek, Radoslaw"]
[Result "0-1"]
[WhiteElo "2353"]
[BlackElo "2384"]
[EventDate "2015.??.??"]
[WhiteTitle "FM"]
[BlackTitle "IM"]

1.d4 Nf6 2.Nf3 g6 3.c4 c5 4.d5 b5 5.cxb5 a6 6.bxa6 Bxa6 7.Nc3 Bg7 8.e4 
Bxf1 9.Kxf1 d6 10.g3 O-O 11.Kg2 Nbd7 12.Re1 Qa5 13.Bg5 Rfb8 14.Qc2 Nb6 15.
Bd2 Nc4 16.Nd1 Nxd2 17.Nxd2 Nd7 18.Re3 Qa4 19.b3 Qa6 20.Nc3 Bd4 21.Ree1 
Ne5 22.Rf1 Qd3 23.Rfc1 Ra3 24.f4 Qxc2 25.Rxc2 Ng4 26.Nc4 Rbxb3 27.axb3 
Rxa1 28.Ne2 Bg7 29.h3 Nf6 30.Nc3 Nd7 31.Ne2 Rb1 32.Nd2 Rd1 33.Kf3 f5 34.
Ke3 fxe4 35.Nxe4 Nb6 0-1